Normal view
MARC view
- आगरे क्षि
Entry Personal Name
001 - CONTROL NUMBER
- control field: 216694
003 - CONTROL NUMBER IDENTIFIER
- control field: OSt
005 - DATE AND TIME OF LATEST TRANSACTION
- control field: 20260209164702.0
008 - FIXED-LENGTH DATA ELEMENTS
- fixed length control field: 260209|| aca||aabn | a|a d
040 ## - CATALOGING SOURCE
- Original cataloging agency: OSt
- Transcribing agency: OSt
100 ## - HEADING--PERSONAL NAME
- Personal name: आगरे क्षि
670 ## - SOURCE DATA FOUND
- Source citation: Work cat.: (OSt)370089: आगरे क्षि ., रंगभूमीची स्वराज्यगाथा, 2022